[Event "First Saturday 2012 marcius IM"]
[Site "Budapest"]
[Date "2012.03.03"]
[Round "1"]
[White "Gledura, Benjamin"]
[Black "Lengyel, Bela"]
[Result "1/2-1/2"]
[WhiteElo "2283"]
[BlackElo "2257"]
[PlyCount "43"]
[EventDate "2012.03.03"]

1. e4 e5 2. Nf3 Nc6 3. Bb5 a6 4. Bxc6 dxc6 5. O-O f6 6. d4 exd4 7. Nxd4 c5 8.
Ne2 Qxd1 9. Rxd1 Bd7 10. Bf4 O-O-O 11. Nbc3 Ne7 12. Bg3 h5 13. f3 h4 14. Bf2
Nc6 15. Nd5 Be6 16. c4 Bd6 17. b3 b6 18. h3 Kb7 19. Rd2 Nb4 20. Rad1 Nxd5 21.
cxd5 Bd7 22. Nc1 1/2-1/2

[Event "First Saturday 2012 marcius IM"]
[Site "Budapest"]
[Date "2012.03.03"]
[Round "1"]
[White "Lyell, Mark"]
[Black "Szalanczy, Emil"]
[Result "0-1"]
[WhiteElo "2316"]
[BlackElo "2249"]
[PlyCount "64"]
[EventDate "2012.03.03"]

1. e4 c5 2. Nc3 Nc6 3. Bb5 Nd4 4. Bc4 e6 5. Nge2 a6 6. d3 b5 7. Bb3 Nxb3 8.
axb3 Bb7 9. O-O Nf6 10. f4 d5 11. e5 d4 12. exf6 dxc3 13. f5 e5 14. fxg7 Bxg7
15. Nxc3 Qd4+ 16. Kh1 O-O-O 17. Qe2 h5 18. Be3 Qg4 19. Rf2 Bf6 20. Ne4 Bh4 21.
h3 Qxe2 22. Rxe2 c4 23. bxc4 bxc4 24. Nc5 cxd3 25. Nxd3 f6 26. Nc5 Bg3 27. Bf2
Rhg8 28. Nxa6 Bf4 29. Bg1 Rxg2 30. Rxg2 Rg8 31. Bb6 Rxg2 32. Nc5 Rh2+ 0-1

[Event "First Saturday 2012 marcius IM"]
[Site "Budapest"]
[Date "2012.03.03"]
[Round "1"]
[White "Galyas, Miklos"]
[Black "Kantor, Gergely"]
[Result "1/2-1/2"]
[WhiteElo "2445"]
[BlackElo "2202"]
[PlyCount "38"]
[EventDate "2012.03.03"]

1. e4 c6 2. d4 d5 3. Nc3 g6 4. Nf3 Bg7 5. h3 dxe4 6. Nxe4 Nf6 7. Nxf6+ Bxf6 8.
Bc4 O-O 9. Bh6 Bg7 10. Bxg7 Kxg7 11. O-O Nd7 12. c3 Nf6 13. Re1 Bf5 14. Bd3
Bxd3 15. Qxd3 e6 16. Ne5 Nd7 17. Qg3 Nxe5 18. Qxe5+ Qf6 19. Qxf6+ Kxf6 1/2-1/2

[Event "First Saturday 2012 marcius IM"]
[Site "Budapest"]
[Date "2012.03.03"]
[Round "1"]
[White "Szeberenyi, Adam"]
[Black "Farago, Sandor"]
[Result "1-0"]
[WhiteElo "2305"]
[BlackElo "2296"]
[PlyCount "119"]
[EventDate "2012.03.03"]

1. d4 d5 2. c4 c6 3. Nc3 Nf6 4. cxd5 cxd5 5. Nf3 Nc6 6. Bf4 e6 7. e3 Nh5 8. Bg5
Qb6 9. a3 h6 10. Bh4 g5 11. Bg3 Nxg3 12. hxg3 Bg7 13. Na4 Qd8 14. Rc1 g4 15.
Nd2 e5 16. dxe5 Bxe5 17. Bb5 Qd6 18. Qc2 Kf8 19. Qc5 Qxc5 20. Rxc5 Be6 21. Bxc6
bxc6 22. Rh5 f6 23. Rxc6 Bd7 24. Ra6 Bb5 25. Ra5 a6 26. Nb6 Rb8 27. Rxb5 axb5
28. Nd7+ Ke7 29. Nxb8 Rxb8 30. b3 Ra8 31. Nb1 b4 32. a4 Rc8 33. Kd2 Bc3+ 34.
Nxc3 Rxc3 35. Rxd5 Rxb3 36. e4 Ra3 37. a5 Ke6 38. Rb5 Kd6 39. Ke2 b3 40. Ke3
Kc6 41. Rb6+ Kc5 42. Kd3 Rxa5 43. Rxf6 Kb4 44. Rb6+ Ka3 45. f4 gxf3 46. gxf3 b2
47. f4 Ka2 48. f5 b1=Q+ 49. Rxb1 Kxb1 50. Ke3 Kc2 51. f6 Kc3 52. f7 Ra8 53. e5
Kc4 54. e6 Ra6 55. e7 Re6+ 56. Kf4 Rf6+ 57. Ke5 Rxf7 58. e8=Q Rg7 59. Qc6+ Kd3
60. Kf4 1-0

[Event "First Saturday 2012 marcius IM"]
[Site "Budapest"]
[Date "2012.03.03"]
[Round "1"]
[White "Wiander, Michael"]
[Black "Volodin, Viktor"]
[Result "0-1"]
[WhiteElo "2140"]
[BlackElo "2208"]
[PlyCount "81"]
[EventDate "2012.03.03"]

1. e4 c5 2. b4 cxb4 3. d4 d5 4. e5 Bf5 5. a3 e6 6. axb4 Bxb4+ 7. c3 Be7 8. Ne2
h5 9. Ng3 Bg6 10. Be2 h4 11. Nh5 Kf8 12. Bg4 Nh6 13. h3 Bxh5 14. Bxh5 g6 15.
Bg4 Nf5 16. Bxf5 gxf5 17. Nd2 Nc6 18. Nf3 Na5 19. g4 hxg3 20. fxg3 Nc4 21. h4
Qc7 22. h5 Kg7 23. Bf4 Rhg8 24. Qc1 Kh7 25. Bg5 Rg7 26. h6 Rg6 27. Rh5 f6 28.
Bf4 fxe5 29. dxe5 a6 30. Ra2 Rag8 31. Rg2 b5 32. Qc2 Qb6 33. Qd3 b4 34. cxb4
Qxb4+ 35. Kf1 Rb8 36. Re2 Qb1+ 37. Qxb1 Rxb1+ 38. Kg2 Rb8 39. Bg5 Bxg5 40.
Nxg5+ Rxg5 41. Rxg5 0-1

[Event "First Saturday 2012 marcius IM"]
[Site "Budapest"]
[Date "2012.03.04"]
[Round "2"]
[White "Farago, Sandor"]
[Black "Wiander, Michael"]
[Result "1-0"]
[WhiteElo "2296"]
[BlackElo "2140"]
[PlyCount "69"]
[EventDate "2012.03.03"]

1. e4 Nc6 2. Nf3 e6 3. d4 d5 4. e5 f6 5. c3 Bd7 6. Bd3 Qe7 7. b4 a6 8. a4 Qf7
9. Na3 Qh5 10. Qe2 fxe5 11. dxe5 Nxb4 12. cxb4 Bxb4+ 13. Bd2 Bxd2+ 14. Qxd2
Bxa4 15. Qb4 Bc6 16. Nc2 Ne7 17. Ncd4 Kd7 18. O-O Rhf8 19. Qd2 h6 20. Be2 Qf7
21. Nb3 b6 22. Rxa6 Rxa6 23. Bxa6 Qf4 24. Qe2 Qe4 25. Nfd4 Qxe2 26. Bxe2 Ba4
27. Bg4 Nf5 28. Bxf5 exf5 29. Ra1 Bxb3 30. Nxb3 f4 31. Nd4 Re8 32. e6+ Kd6 33.
Nf5+ Kc5 34. Nxg7 Re7 35. Re1 1-0

[Event "First Saturday 2012 marcius IM"]
[Site "Budapest"]
[Date "2012.03.04"]
[Round "2"]
[White "Szalanczy, Emil"]
[Black "Galyas, Miklos"]
[Result "1-0"]
[WhiteElo "2249"]
[BlackElo "2445"]
[PlyCount "153"]
[EventDate "2012.03.03"]

1. e4 e6 2. d4 d5 3. Nc3 Bb4 4. e5 c5 5. a3 Bxc3+ 6. bxc3 Qa5 7. Qd2 Ne7 8. Nf3
Nbc6 9. Bd3 Bd7 10. O-O c4 11. Be2 f6 12. a4 O-O 13. Ba3 Rf7 14. Rfb1 b6 15.
exf6 gxf6 16. Nh4 Rg7 17. Bd6 Ng6 18. Nf3 Nce7 19. g3 Nf5 20. Bb4 Qa6 21. Bf1
Qb7 22. a5 b5 23. Bg2 Qc7 24. Re1 Nd6 25. Re2 Ne4 26. Qh6 Bc6 27. Rae1 Kh8 28.
Nd2 Nxd2 29. Rxd2 Re8 30. f4 Qf7 31. Rde2 Rgg8 32. a6 Bd7 33. Bc5 f5 34. Bf3
Rc8 35. Rb1 Qg7 36. Qxg7+ Kxg7 37. Ree1 Kf6 38. Kf2 Bc6 39. Rb4 Rg7 40. Reb1
Rd7 41. h3 Rg8 42. Ke3 Ne7 43. g4 h6 44. Rg1 Nc8 45. Rbb1 Rdg7 46. Rg3 Bd7 47.
Rbg1 Bc6 48. R3g2 Be8 49. Kd2 Bc6 50. Kc1 Be8 51. Kb2 Nb6 52. Ka3 Na4 53. Bd6
fxg4 54. hxg4 Rh7 55. Kb4 Bg6 56. Rh2 Be4 57. Be5+ Ke7 58. Bxe4 dxe4 59. g5 h5
60. Rgh1 Nb6 61. Rxh5 Rxh5 62. Rxh5 Nd5+ 63. Kxb5 e3 64. Rh7+ Ke8 65. Rh1 Kf7
66. Kc6 Rd8 67. Kb7 Rd7+ 68. Kc8 Re7 69. Bd6 Re8+ 70. Kb7 Rd8 71. Bc5 Rd7+ 72.
Kc6 Rc7+ 73. Kd6 Rc8 74. Ke5 e2 75. f5 Ne3 76. fxe6+ Kg6 77. Re1 1-0

[Event "First Saturday 2012 marcius IM"]
[Site "Budapest"]
[Date "2012.03.04"]
[Round "2"]
[White "Lengyel, Bela"]
[Black "Lyell, Mark"]
[Result "1-0"]
[WhiteElo "2257"]
[BlackElo "2316"]
[PlyCount "59"]
[EventDate "2012.03.03"]

1. e4 e5 2. Nf3 Nc6 3. Bc4 Bc5 4. Nc3 d6 5. d3 Bg4 6. h3 Bh5 7. Be3 Bxe3 8.
fxe3 Na5 9. Bb3 Nxb3 10. axb3 Nf6 11. O-O O-O 12. Qe1 d5 13. Nxe5 dxe4 14. d4
c5 15. dxc5 Qc7 16. Nc4 Bg6 17. Rxf6 gxf6 18. Nd5 Qxc5 19. Nxf6+ Kh8 20. Nd7
Qe7 21. Nxf8 Qxf8 22. Rd1 Rd8 23. Qc3+ Kg8 24. Rxd8 Qxd8 25. Nd2 h5 26. b4 b6
27. Nf1 h4 28. Qd2 Qg5 29. Qf2 Kg7 30. Qf4 1-0

[Event "First Saturday 2012 marcius IM"]
[Site "Budapest"]
[Date "2012.03.05"]
[Round "3"]
[White "Lyell, Mark"]
[Black "Holm, Seyer"]
[Result "0-1"]
[WhiteElo "2316"]
[BlackElo "2256"]
[PlyCount "87"]
[EventDate "2012.03.03"]

1. e4 e6 2. d4 d5 3. Nc3 dxe4 4. Nxe4 Nd7 5. g3 Ngf6 6. Nxf6+ Nxf6 7. Bg2 c5 8.
Nf3 cxd4 9. Qxd4 Qxd4 10. Nxd4 a6 11. O-O Bd6 12. Rd1 Ke7 13. Bd2 Rb8 14. c4
Bd7 15. b4 Rhd8 16. Bc3 Ba4 17. Re1 Kf8 18. Nb3 Rd7 19. c5 Be7 20. Na5 Nd5 21.
Be5 Rbd8 22. a3 Bf6 23. Bxf6 gxf6 24. Nc4 Bc6 25. Rad1 Nc3 26. Rxd7 Rxd7 27.
Bxc6 bxc6 28. Na5 Rc7 29. Re3 Nd5 30. Re4 f5 31. Rd4 f6 32. Kf1 Kf7 33. Ke2 e5
34. Rh4 Kg6 35. Kd3 Rd7 36. Kc2 Ne7 37. Rc4 e4 38. Nb3 Kg5 39. h3 h5 40. h4+
Kg4 41. Nd4 f4 42. Ne2 Kf3 43. Nxf4 f5 44. Rc3+ 0-1

[Event "First Saturday 2012 marcius IM"]
[Site "Budapest"]
[Date "2012.03.05"]
[Round "3"]
[White "Galyas, Miklos"]
[Black "Lengyel, Bela"]
[Result "1-0"]
[WhiteElo "2445"]
[BlackElo "2257"]
[PlyCount "95"]
[EventDate "2012.03.03"]

1. d4 Nf6 2. c4 e6 3. Nc3 Bb4 4. f3 d5 5. a3 Bxc3+ 6. bxc3 c5 7. cxd5 Nxd5 8.
dxc5 f5 9. Nh3 O-O 10. c4 Nf6 11. Qxd8 Rxd8 12. Nf2 Na6 13. Nd3 Bd7 14. Rb1 Bc6
15. Be3 Nd7 16. g3 e5 17. Bh3 e4 18. Nb4 exf3 19. Nxc6 bxc6 20. exf3 g6 21. O-O
Ndxc5 22. Rfd1 Kf7 23. g4 Re8 24. Kf2 fxg4 25. Bxg4 Rad8 26. Bg5 Rd3 27. Rb7+
Nxb7 28. Rxd3 Nac5 29. Rd1 Na5 30. Be3 Nab3 31. Rd6 a5 32. Bg5 h5 33. Bh3 Ne6
34. Rd7+ Kg8 35. Be3 Nec5 36. Rd6 Kf7 37. Bg5 Ne6 38. Rd7+ Kg8 39. Bf6 Nbc5 40.
Ra7 a4 41. Kg3 Nd3 42. Rxa4 Nef4 43. Bf1 Re1 44. Bxd3 Nxd3 45. h4 Rg1+ 46. Kh2
Rc1 47. Ra7 Rxc4 48. a4 1-0

[Event "First Saturday 2012 marcius IM"]
[Site "Budapest"]
[Date "2012.03.05"]
[Round "3"]
[White "Szeberenyi, Adam"]
[Black "Szalanczy, Emil"]
[Result "1-0"]
[WhiteElo "2305"]
[BlackElo "2249"]
[PlyCount "58"]
[EventDate "2012.03.03"]

1. Nf3 c5 2. c4 g6 3. Nc3 Bg7 4. g3 Nc6 5. Bg2 Nf6 6. O-O O-O 7. d4 cxd4 8.
Nxd4 Ng4 9. e3 d6 10. b3 Nxd4 11. exd4 Nh6 12. Bd2 e6 13. Rc1 Rb8 14. Re1 Bd7
15. Bf4 Nf5 16. Ne4 e5 17. dxe5 dxe5 18. Nc5 exf4 19. Nxd7 fxg3 20. hxg3 Qg5
21. Nxb8 Rxb8 22. Qf3 b6 23. Rcd1 h5 24. Qf4 Qxf4 25. gxf4 Nd4 26. Re7 Bf6 27.
Rxa7 Ne2+ 28. Kh1 Nxf4 29. Rdd7 Rf8 1-0

[Event "First Saturday 2012 marcius IM"]
[Site "Budapest"]
[Date "2012.03.05"]
[Round "3"]
[White "Wiander, Michael"]
[Black "Kantor, Gergely"]
[Result "1/2-1/2"]
[WhiteElo "2140"]
[BlackElo "2202"]
[PlyCount "60"]
[EventDate "2012.03.03"]

1. c4 c5 2. g3 Nc6 3. Bg2 g6 4. Nc3 Bg7 5. d3 d6 6. a3 Nf6 7. e4 Nd7 8. h4 h5
9. Nge2 Nf8 10. Rb1 Ne6 11. b4 Ned4 12. O-O O-O 13. b5 Nxe2+ 14. Nxe2 Nd4 15.
Nxd4 Bxd4 16. Bh6 Re8 17. Be3 Bg7 18. Qd2 e5 19. Bg5 Qc7 20. a4 b6 21. a5 bxa5
22. Ra1 a6 23. Qxa5 Qxa5 24. Rxa5 f6 25. Bd2 Bb7 26. bxa6 Rxa6 27. Rxa6 Bxa6
28. Rb1 Ra8 29. Bh3 Bc8 30. Bxc8 Rxc8 1/2-1/2

[Event "First Saturday 2012 marcius IM"]
[Site "Budapest"]
[Date "2012.03.05"]
[Round "3"]
[White "Volodin, Viktor"]
[Black "Farago, Sandor"]
[Result "1/2-1/2"]
[WhiteElo "2208"]
[BlackElo "2296"]
[PlyCount "9"]
[EventDate "2012.03.03"]

1. Nf3 d5 2. d4 Nf6 3. c4 c6 4. Nc3 a6 5. a4 1/2-1/2

Qa5 7. Qd2 Ne7 8. Nf3
Nbc6 9. Bd3 Bd7 10. O-O c4 11. Be2 f6 12. a4 O-O 13. Ba3 Rf7 14. Rfb1 b6 15.
exf6 gxf6 16. Nh4 Rg7 17. Bd6 Ng6 18. Nf3 Nce7 19. g3 Nf5 20. Bb4 Qa6 21. Bf1
Qb7 22. a5 b5 23. Bg2 Qc7 24. Re1 Nd6 25. Re2 Ne4 26. Qh6 Bc6 27. Rae1 Kh8 28.
Nd2 Nxd2 29. Rxd2 Re8 30. f4 Qf7 31. Rde2 Rgg8 32. a6 Bd7 33. Bc5 f5 34. Bf3
Rc8 35. Rb1 Qg7 36. Qxg7+ Kxg7 37. Ree1 Kf6 38. Kf2 Bc6 39. Rb4 Rg7 40. Reb1
Rd7 41. h3 Rg8 42. Ke3 Ne7 43. g4 h6 44. Rg1 Nc8 45. Rbb1 Rdg7 46. Rg3 Bd7 47.
Rbg1 Bc6 48. R3g2 Be8 49. Kd2 Bc6 50. Kc1 Be8 51. Kb2 Nb6 52. Ka3 Na4 53. Bd6
fxg4 54. hxg4 Rh7 55. Kb4 Bg6 56. Rh2 Be4 57. Be5+ Ke7 58. Bxe4 dxe4 59. g5 h5
60. Rgh1 Nb6 61. Rxh5 Rxh5 62. Rxh5 Nd5+ 63. Kxb5 e3 64. Rh7+ Ke8 65. Rh1 Kf7
66. Kc6 Rd8 67. Kb7 Rd7+ 68. Kc8 Re7 69. Bd6 Re8+ 70. Kb7 Rd8 71. Bc5 Rd7+ 72.
Kc6 Rc7+ 73. Kd6 Rc8 74. Ke5 e2 75. f5 Ne3 76. fxe6+ Kg6 77. Re1 1-0

[Event "First Saturday 2012 marcius IM"]
[Site "Budapest"]
[Date "2012.03.06"]
[Round "4"]
[White "Szalanczy, Emil"]
[Black "Wiander, Michael"]
[Result "1-0"]
[WhiteElo "2249"]
[BlackElo "2140"]
[PlyCount "93"]
[EventDate "2012.03.03"]

1. e4 d5 2. exd5 Nf6 3. Nf3 Nxd5 4. d4 g6 5. Be2 Bg7 6. O-O O-O 7. h3 c6 8. c4
Nb6 9. Nc3 Be6 10. c5 Nd5 11. Ng5 Bf5 12. g4 Bc8 13. f4 b6 14. Nxd5 Qxd5 15.
Be3 bxc5 16. Bf3 Qd7 17. d5 Bxb2 18. Rb1 Bd4 19. Bxd4 cxd4 20. Qxd4 h6 21. h4
hxg5 22. hxg5 c5 23. Qc3 Qd6 24. Kg2 f6 25. Rh1 Rf7 26. Rh6 Rg7 27. gxf6 exf6
28. Rbh1 Bb7 29. Qe3 Na6 30. Qe6+ Qxe6 31. dxe6 Bxf3+ 32. Kxf3 Kf8 33. Rh8+ Ke7
34. Rxa8 Kxe6 35. Rd1 Rc7 36. Re8+ Kf7 37. Red8 Ke7 38. f5 gxf5 39. gxf5 c4 40.
Rh8 Rc5 41. Rh7+ Ke8 42. Kg4 c3 43. a3 c2 44. Rc1 Rc4+ 45. Kf3 Nc5 46. Rxa7 Nb3
47. Rh1 1-0

[Event "First Saturday 2012 marcius IM"]
[Site "Budapest"]
[Date "2012.03.06"]
[Round "4"]
[White "Lengyel, Bela"]
[Black "Szeberenyi, Adam"]
[Result "1-0"]
[WhiteElo "2257"]
[BlackElo "2305"]
[PlyCount "57"]
[EventDate "2012.03.03"]

1. e4 c5 2. Nf3 d6 3. d4 cxd4 4. Nxd4 Nf6 5. Nc3 a6 6. Be2 e5 7. Nb3 Be7 8. O-O
O-O 9. Kh1 Be6 10. f4 Qc7 11. a4 Nbd7 12. a5 exf4 13. Bxf4 Rfe8 14. Nd4 Bf8 15.
Qd2 Rac8 16. Be3 Bc4 17. Bd3 Bxd3 18. cxd3 d5 19. Nxd5 Nxd5 20. exd5 Qe5 21.
Nf5 Qxd5 22. Bd4 Ne5 23. Qf4 f6 24. Bxe5 Rxe5 25. d4 Rc2 26. Rf3 Re4 27. Qg3
Rxb2 28. Nh6+ Kh8 29. Qb8 1-0

[Event "First Saturday 2012 marcius IM"]
[Site "Budapest"]
[Date "2012.03.06"]
[Round "4"]
[White "Holm, Seyer"]
[Black "Galyas, Miklos"]
[Result "0-1"]
[WhiteElo "2256"]
[BlackElo "2445"]
[PlyCount "84"]
[EventDate "2012.03.03"]

1. d4 Nf6 2. c4 g6 3. Nc3 Bg7 4. e4 d6 5. h3 O-O 6. Nf3 e5 7. dxe5 dxe5 8. Qxd8
Rxd8 9. Bg5 Na6 10. Nd5 Rd6 11. Bxf6 Bxf6 12. b4 c6 13. Nxf6+ Rxf6 14. a3 c5
15. b5 Nc7 16. Bd3 Rd6 17. Be2 f6 18. O-O Be6 19. Rfd1 Rad8 20. Rxd6 Rxd6 21.
Kf1 Kf8 22. Ke1 Bf7 23. Rd1 Ke7 24. Rxd6 Kxd6 25. Kd2 Ne6 26. Kc3 Nd4 27. Bd1
f5 28. exf5 gxf5 29. Nd2 e4 30. g3 Ke5 31. f4+ exf3 32. Bxf3 b6 33. Kd3 f4 34.
g4 h6 35. Be4 Be6 36. Bg2 Bf7 37. Be4 Be8 38. Bh7 h5 39. Ne4 Ne6 40. gxh5 Bxh5
41. h4 Nf8 42. Bg8 Bg6 0-1

[Event "First Saturday 2012 marcius IM"]
[Site "Budapest"]
[Date "2012.03.06"]
[Round "4"]
[White "Gledura, Benjamin"]
[Black "Lyell, Mark"]
[Result "1-0"]
[WhiteElo "2283"]
[BlackElo "2316"]
[PlyCount "91"]
[EventDate "2012.03.03"]

1. e4 e5 2. Nf3 Nc6 3. Nc3 Nf6 4. Bb5 Nd4 5. Nxe5 Bc5 6. Nd3 Nxb5 7. Nxb5 Bb6
8. e5 O-O 9. exf6 Re8+ 10. Kf1 d5 11. Qf3 Re6 12. Nf4 Rxf6 13. d3 c6 14. Nc3
Bc7 15. h4 h5 16. g3 Bg4 17. Qg2 Bxf4 18. Bxf4 Qb6 19. Rb1 Re8 20. f3 Bf5 21.
Qf2 Qd8 22. Kg2 Qd7 23. Rhe1 Be6 24. Ne2 b6 25. Kh2 c5 26. d4 Rc8 27. Be5 Rf5
28. Qg2 f6 29. g4 hxg4 30. fxg4 Rxe5 31. dxe5 fxe5 32. Ng3 e4 33. c4 Bxg4 34.
cxd5 Bf3 35. Qd2 Rc6 36. Nxe4 Rg6 37. Ng5 Qd6+ 38. Kg1 Qg3+ 39. Kf1 Rxg5 40.
Qxg5 Qh3+ 41. Kf2 Bg4 42. Qf4 Qxh4+ 43. Kg1 Qh5 44. Rf1 Qg6 45. Qg3 Qe4 46.
Rbe1 1-0

[Event "First Saturday 2012 marcius IM"]
[Site "Budapest"]
[Date "2012.03.07"]
[Round "5"]
[White "Galyas, Miklos"]
[Black "Gledura, Benjamin"]
[Result "1/2-1/2"]
[WhiteElo "2445"]
[BlackElo "2283"]
[PlyCount "68"]
[EventDate "2012.03.03"]

1. c4 e5 2. Nc3 Bb4 3. Nd5 Bc5 4. Nf3 c6 5. Nc3 Qe7 6. e3 e4 7. d4 Bb4 8. Nd2
Nf6 9. Be2 O-O 10. O-O d5 11. a3 Bd6 12. cxd5 cxd5 13. Nb5 Nc6 14. Nxd6 Qxd6
15. b4 a6 16. Nb3 h5 17. h3 g5 18. Bd2 Kg7 19. Rc1 Ng4 20. hxg4 hxg4 21. Bxg4
f5 22. Bh5 g4 23. g3 Rh8 24. Kg2 Rxh5 25. Rh1 Qh6 26. Rxh5 Qxh5 27. Qh1 Qxh1+
28. Kxh1 Kf6 29. Kg2 Nd8 30. Rc7 Ne6 31. Rh7 Kg6 32. Rh8 Kg7 33. Re8 Kf7 34.
Rh8 Kg7 1/2-1/2

[Event "First Saturday 2012 marcius IM"]
[Site "Budapest"]
[Date "2012.03.07"]
[Round "5"]
[White "Szeberenyi, Adam"]
[Black "Holm, Seyer"]
[Result "1-0"]
[WhiteElo "2305"]
[BlackElo "2256"]
[PlyCount "69"]
[EventDate "2012.03.03"]

1. d4 d5 2. c4 e6 3. Nc3 Nf6 4. cxd5 exd5 5. Bg5 Be7 6. Qc2 h6 7. Bh4 O-O 8. e3
Be6 9. Bd3 c5 10. Bxf6 Bxf6 11. dxc5 Nd7 12. Nge2 Nxc5 13. O-O Qb6 14. Bh7+ Kh8
15. Bf5 Rfd8 16. Rfd1 Rd7 17. Rab1 a5 18. Nd4 Rad8 19. Nce2 Bxf5 20. Qxf5 Ne4
21. Nf4 g6 22. Qh3 Kh7 23. Nfe2 Re7 24. g3 Bg5 25. Qf1 h5 26. h4 Bh6 27. Kg2
Rd6 28. Nc3 Nf6 29. Qb5 Qd8 30. Nb3 b6 31. Rd2 Re8 32. Rbd1 Re5 33. Qe2 Qe7 34.
Nd4 Ng4 35. Rd3 1-0

[Event "First Saturday 2012 marcius IM"]
[Site "Budapest"]
[Date "2012.03.07"]
[Round "5"]
[White "Wiander, Michael"]
[Black "Lengyel, Bela"]
[Result "1/2-1/2"]
[WhiteElo "2140"]
[BlackElo "2257"]
[PlyCount "106"]
[EventDate "2012.03.03"]

1. c4 e5 2. g3 Nf6 3. Bg2 d5 4. cxd5 Nxd5 5. Nf3 Nc6 6. d4 exd4 7. a3 Bc5 8. b4
Bb6 9. b5 Ba5+ 10. Bd2 Nc3 11. Qc2 Nxb5 12. Bxa5 Nxa5 13. Qa4 c6 14. Qb4 Be6
15. Nbd2 Bd5 16. a4 Nd6 17. Qxd4 O-O 18. O-O Re8 19. h4 h6 20. Rfe1 Ne4 21.
Nxe4 Bxe4 22. Qc3 b6 23. Nd4 Qf6 24. f3 Rad8 25. Rad1 Bc2 26. Qxc2 Rxd4 27. e4
Red8 28. e5 Qe7 29. f4 c5 30. e6 fxe6 31. Rxd4 Rxd4 32. Bh3 Rd6 33. Qg6 Qf6 34.
Qe8+ Kh7 35. Bxe6 Rd8 36. Bf5+ Qxf5 37. Qxd8 Nc6 38. Qe8 Nd4 39. Qe4 Kg6 40.
Qe8+ Kh7 41. Qe4 Qxe4 42. Rxe4 a6 43. h5 b5 44. axb5 axb5 45. Kf2 b4 46. Ke3
Nf5+ 47. Kd3 Nxg3 48. Re5 g5 49. hxg6+ Kxg6 50. Rxc5 Kf6 51. Rb5 h5 52. Rxb4 h4
53. Ke3 h3 1/2-1/2

[Event "First Saturday 2012 marcius IM"]
[Site "Budapest"]
[Date "2012.03.07"]
[Round "5"]
[White "Volodin, Viktor"]
[Black "Szalanczy, Emil"]
[Result "0-1"]
[WhiteElo "2208"]
[BlackElo "2249"]
[PlyCount "124"]
[EventDate "2012.03.03"]

1. Nf3 c5 2. c4 Nc6 3. d4 cxd4 4. Nxd4 g6 5. e4 Bg7 6. Be3 Nf6 7. Nc3 O-O 8.
Be2 b6 9. O-O Bb7 10. f3 e6 11. Ndb5 d5 12. cxd5 exd5 13. exd5 Nb4 14. d6 Nfd5
15. Nxd5 Nxd5 16. Bd4 Qg5 17. h4 Qxh4 18. Bxg7 Kxg7 19. Qd4+ Qxd4+ 20. Nxd4
Rfd8 21. Nb5 a6 22. Nc7 Nxc7 23. dxc7 Rd7 24. Rac1 Rc8 25. Rfd1 Rdxc7 26. Rxc7
Rxc7 27. Rd6 b5 28. Rb6 Bc8 29. a4 Rc2 30. Bf1 bxa4 31. Bxa6 Bd7 32. Rb7 Bc8
33. Rb6 Be6 34. Bb7 h5 35. Ba6 Bd7 36. Rb7 Bc8 37. Rb6 Be6 38. Rb4 Bb3 39. Bb5
Rc1+ 40. Kh2 Ra1 41. Bc4 Bxc4 42. Rxc4 g5 43. Rb4 Kg6 44. f4 g4 45. Rb5 f6 46.
Kg3 Rh1 47. Ra5 f5 48. Ra6+ Kg7 49. Ra7+ Kf6 50. Ra6+ Ke7 51. Ra7+ Kd6 52. Ra6+
Kd7 53. Ra7+ Kc6 54. Rxa4 h4+ 55. Kf2 g3+ 56. Ke2 Rg1 57. Ra6+ Kd5 58. Ra5+ Ke6
59. Ra6+ Kf7 60. Rh6 Rxg2+ 61. Kf1 Rf2+ 62. Kg1 Rxf4 0-1

[Event "First Saturday 2012 marcius IM"]
[Site "Budapest"]
[Date "2012.03.07"]
[Round "5"]
[White "Farago, Sandor"]
[Black "Kantor, Gergely"]
[Result "1-0"]
[WhiteElo "2296"]
[BlackElo "2202"]
[PlyCount "70"]
[EventDate "2012.03.03"]

1. e4 e6 2. d4 d5 3. Nd2 Be7 4. e5 c5 5. c3 Nc6 6. Nb3 cxd4 7. cxd4 a5 8. a4
Bb4+ 9. Bd2 Qb6 10. Bb5 Bxd2+ 11. Qxd2 Nge7 12. Nf3 O-O 13. O-O Bd7 14. Nc5
Rfd8 15. Ra3 Be8 16. Rb3 Nb4 17. Bd3 h6 18. Bb1 Rac8 19. Ne1 Nec6 20. Rg3 Nxd4
21. Qxd4 Qxc5 22. Qh4 Kf8 23. Qg4 g6 24. Qh4 d4 25. Qxh6+ Ke7 26. Qg7 Kd7 27.
Nd3 Nxd3 28. Bxd3 Kc7 29. Rxg6 Kb8 30. Rg3 Qb4 31. h4 Bxa4 32. h5 Qd2 33. Qxf7
Rc1 34. Qxe6 Rxf1+ 35. Bxf1 Rc8 1-0

[Event "First Saturday 2012 marcius IM"]
[Site "Budapest"]
[Date "2012.03.08"]
[Round "6"]
[White "Szalanczy, Emil"]
[Black "Farago, Sandor"]
[Result "1-0"]
[WhiteElo "2249"]
[BlackElo "2296"]
[PlyCount "125"]
[EventDate "2012.03.03"]

1. e4 c5 2. Nf3 d6 3. d4 cxd4 4. Nxd4 Nf6 5. Nc3 a6 6. Be3 e6 7. g4 h5 8. g5
Ng4 9. Bc1 Ne5 10. f4 Nec6 11. Be3 Nxd4 12. Qxd4 Nc6 13. Qd2 Qa5 14. O-O-O b5
15. Kb1 b4 16. Ne2 Bb7 17. Nc1 Qc7 18. h4 O-O-O 19. Qf2 Qe7 20. Bb6 Re8 21. Rh3
Kb8 22. Rhd3 Qd7 23. Nb3 Qc8 24. Bh3 g6 25. Qd2 Be7 26. Bg2 Ka8 27. Na5 e5 28.
Rb3 exf4 29. Bh3 Qb8 30. Nxc6 Bxc6 31. Rxb4 d5 32. Bc5 Qd8 33. Bxe7 Rxe7 34.
Qxf4 Rhe8 35. a3 a5 36. Rbd4 Qb6 37. exd5 Rb8 38. b3 Bd7 39. Bxd7 Rxd7 40. d6
Ka7 41. Kb2 Rbd8 42. a4 Rb8 43. Rc4 Rbb7 44. Rd5 Qd8 45. Qd4+ Kb8 46. Qc5 Rb6
47. Rcd4 Ra6 48. Ka2 Kb7 49. Qb5+ Ka7 50. Qd3 f5 51. gxf6 Qxf6 52. Qd2 Qd8 53.
Qe3 Kb8 54. Rb5+ Rb6 55. Qd3 Rxb5 56. Qxb5+ Rb7 57. Qc5 Ra7 58. Qc6 Rd7 59. Rd5
Ka7 60. Rxa5+ Qxa5 61. Qxd7+ Kb8 62. Qe8+ Kb7 63. Qxg6 1-0

[Event "First Saturday 2012 marcius IM"]
[Site "Budapest"]
[Date "2012.03.08"]
[Round "6"]
[White "Holm, Seyer"]
[Black "Wiander, Michael"]
[Result "1/2-1/2"]
[WhiteElo "2256"]
[BlackElo "2140"]
[PlyCount "73"]
[EventDate "2012.03.03"]

1. d4 d5 2. Nf3 Nc6 3. c4 Bg4 4. cxd5 Bxf3 5. exf3 Qxd5 6. Be3 e5 7. Nc3 Bb4 8.
dxe5 Qxe5 9. Rc1 Rd8 10. Qa4 Bc5 11. Qe4 Qxe4 12. Nxe4 Bb4+ 13. Nc3 Nge7 14.
Bb5 O-O 15. O-O Nd4 16. Bc4 Ndf5 17. Bg5 h6 18. Bxe7 Nxe7 19. Rfd1 Bxc3 20.
bxc3 Nf5 21. f4 c5 22. Kf1 Nd6 23. Bd5 b5 24. a3 a6 25. Ke2 Rfe8+ 26. Kf3 Kf8
27. h4 Nc4 28. Bxc4 bxc4 29. Rxd8 Rxd8 30. Re1 Rd3+ 31. Re3 Rd2 32. g3 a5 33.
a4 f6 34. h5 Kf7 35. Re2 Rd3+ 36. Re3 Rd2 37. Re2 1/2-1/2

[Event "First Saturday 2012 marcius IM"]
[Site "Budapest"]
[Date "2012.03.08"]
[Round "6"]
[White "Lyell, Mark"]
[Black "Galyas, Miklos"]
[Result "0-1"]
[WhiteElo "2316"]
[BlackElo "2445"]
[PlyCount "49"]
[EventDate "2012.03.03"]

1. e4 e6 2. d4 d5 3. Nc3 Bb4 4. e5 c5 5. Qg4 Ne7 6. dxc5 Nbc6 7. Bd2 O-O 8.
O-O-O b6 9. Bd3 bxc5 10. Nf3 f5 11. exf6 Rxf6 12. Bg5 Bxc3 13. bxc3 Rf7 14.
Bxe7 Rxe7 15. Bxh7+ Kxh7 16. Rd3 e5 17. Qh5+ Kg8 18. Ng5 g6 19. Qxg6+ Rg7 20.
Qxc6 Qxg5+ 21. Kd1 Bg4+ 22. f3 Rb8 23. Qxd5+ Kh8 24. Re1 Bf5 25. f4 0-1

[Event "First Saturday 2012 marcius IM"]
[Site "Budapest"]
[Date "2012.03.09"]
[Round "7"]
[White "Szeberenyi, Adam"]
[Black "Lyell, Mark"]
[Result "1-0"]
[WhiteElo "2305"]
[BlackElo "2316"]
[PlyCount "51"]
[EventDate "2012.03.03"]

1. Nf3 Nf6 2. c4 e6 3. d4 c5 4. d5 b5 5. Bg5 exd5 6. cxd5 d6 7. e4 a6 8. a4 Be7
9. axb5 Nxe4 10. Bxe7 Qxe7 11. Be2 O-O 12. O-O Bb7 13. Nc3 Nxc3 14. bxc3 axb5
15. Rxa8 Bxa8 16. Bxb5 Qb7 17. c4 Na6 18. Re1 Nb4 19. Qe2 h6 20. Nh4 g6 21. Be8
Qc8 22. Qe7 Qg4 23. Qf6 Nd3 24. Bxf7+ Kh7 25. Qxg6+ Qxg6 26. Bxg6+ 1-0